Minimum / (Record no. 352933)

000 -LEADER
fixed length control field 00771 a2200265 4500
003 - CONTROL NUMBER IDENTIFIER
control field OSt
005 - DATE AND TIME OF LATEST TRANSACTION
control field 20180116192351.0
008 - FIXED-LENGTH DATA ELEMENTS--GENERAL INFORMATION
fixed length control field 120601t xxu||||| |||| 00| 0 eng d
010 ## - LIBRARY OF CONGRESS CONTROL NUMBER
LC control number 99214641
020 ## - INTERNATIONAL STANDARD BOOK NUMBER
International Standard Book Number 0714838179
020 ## - INTERNATIONAL STANDARD BOOK NUMBER
International Standard Book Number 9780714838175
035 ## - SYSTEM CONTROL NUMBER
System control number (OCoLC)41477403
040 ## - CATALOGING SOURCE
Transcribing agency 0
082 ## - DEWEY DECIMAL CLASSIFICATION NUMBER
Classification number 701
100 1# - MAIN ENTRY--PERSONAL NAME
Personal name Pawson, John,
9 (RLIN) 3563
245 10 - TITLE STATEMENT
Title Minimum /
Statement of responsibility, etc. John Pawson.
250 ## - EDITION STATEMENT
Edition statement [Pocket ed.].
260 ## - PUBLICATION, DISTRIBUTION, ETC.
Place of publication, distribution, etc. London :
Name of publisher, distributor, etc. Phaidon Press,
Date of publication, distribution, etc. 1998.
300 ## - PHYSICAL DESCRIPTION
Extent 325 p. (some folded) :
Other physical details chiefly ill. (some col.) ;
Dimensions 17 cm.
650 #0 - SUBJECT ADDED ENTRY--TOPICAL TERM
Topical term or geographic name entry element Classicism in art.
9 (RLIN) 3564
650 #0 - SUBJECT ADDED ENTRY--TOPICAL TERM
Topical term or geographic name entry element Simplicity in art.
9 (RLIN) 3565
650 #0 - SUBJECT ADDED ENTRY--TOPICAL TERM
Topical term or geographic name entry element Simplicity.
9 (RLIN) 3566
942 ## - ADDED ENTRY ELEMENTS (KOHA)
Institution code [OBSOLETE] SADA
Koha item type Book
Call number prefix 701 PAW 1998
Source of classification or shelving scheme
Holdings
Withdrawn status Lost status Source of classification or shelving scheme Damaged status Not for loan Permanent Location Current Location Date acquired Total Checkouts Total Renewals Full call number Barcode Date last seen Date last checked out Cost, replacement price Price effective from Koha item type
          School of Art Design and Architecture (SADA) School of Art Design and Architecture (SADA) 05/20/2011 7 4 701 PAW 1998 SADA0001032 08/16/2016 08/09/2016 1634.00 08/05/2011 Book
© 2023 Central Library, National University of Sciences and Technology. All Rights Reserved.